000 00995nam a2200277 4500
005 20240530111000.0
008 230215s2019 ua g 000 0 ara d
017 _a2019/5925
_bمصر. دار الكتب
020 _a9789776714038
040 _aEG-CaGPL
_cEG-CaGPL
082 0 4 _221
_a370
_bم ت
100 0 _aمحمد بن احمد الرشيد
245 1 0 _aتحديات التغير والتطوير /
_cمحمد بن احمد الرشيد
250 _aط.1
260 _aالقاهرة :
_bالدار العربية اللبنانية،
_c2019
300 _a303 ص. ؛
_c24 سم.
490 0 _aالاعمال الكاملة
650 0 7 _2qrmak
_aالتعليم
650 0 7 _2qrmak
_aالادارة التعليمية
650 0 7 _2qrmak
_aالفروق الفردية التعليمية
650 0 7 _2qrmak
_aالتعليم
_xاغراضة واهدافة
650 0 7 _2qrmak
_aعلم النفس التربوى
651 _2qrmak
942 _2ddc
_cBK
999 _c67167
_d67167